000 00948cab a2200229 4500
001 ABS37540
008 090401t1987 xxu||||| |||| 00| 0 eng d
035 _a(Sirsi) u5145
041 _aeng
100 _aMobbs, N.
245 4 _aThe client`s needs
260 _c1987
350 _a0
490 _aEstates Gazette
_v281 (6326) 21 March 1987, 1268-1274 (3)
520 _aText of a paper presented at the College of Estate Management`s 1987 property conference, with the theme "Independence or Interdependence"? The author evaluates the range of services a property adviser should provide to his clients, bearing in mind changes in the financial services market. Concentrates on professional practice for commercial agency .
650 _aABOUT RICS-RICS MEMBERS
650 _aCLIENTS NEEDS
650 _aPROPERTY-COMMERCIAL PROPERTY
690 _aMANAGEMENT-BUSINESS MANAGEMENT-PROFESSIONAL PRACTICE
942 _n0
948 _c04/03/1997
999 _c3081
_d3081